Anna Hausová prach si a v prach sa obrátiš : VSG Košice - 7.3.-1.4.2012/ OG Dolný Kubín - 14.11.2013-12.1.2014/ MMaG Veľký Šariš - 5.11.-30.11.2014

Bibliographic Details
Main Author: Hrebíčková, Marta, 1952- (Author, Compiler, Curator)
Format: Book
Language:Slovak
English
PhysicalDescription:[16] s. fotogr. 21 x 25 cm
Published: [Prešov] Per Spectrum 2014
ISBN:9788096948918 (brož.)
Subjects:

MARC

LEADER 00000cam a2200000 a 4500
001 vtls010640272
003 SK-MaSNL
005 20260425230214.0
008 160429s2014 xo o g c 000 0dslo
015 |a SNBE2015 
020 |a 9788096948918 (brož.) 
040 |a SNK  |b slo  |c SNK  |e AACR2 
041 0 |a slo  |a eng 
043 |a e-xo--- 
044 |a xo  |c SK 
072 7 |a 72/76  |x Výtvarné umenie  |2 konspekt 
080 |a (437.6)  |2 2001 
080 |a (083.824)  |2 2001 
080 |a 72/76(437.6)  |2 2001 
080 |a 7.036/.038  |2 2001 
245 0 0 |a Anna Hausová  |b prach si a v prach sa obrátiš : VSG Košice - 7.3.-1.4.2012/ OG Dolný Kubín - 14.11.2013-12.1.2014/ MMaG Veľký Šariš - 5.11.-30.11.2014  |c [kurátorka výstavy, texty, zostavenie katalógu: Marta Hrebíčková 
246 3 0 |a Prach si a v prach sa obrátiš 
260 |a [Prešov]  |b Per Spectrum  |c 2014 
300 |a [16] s.  |b fotogr.  |c 21 x 25 cm 
366 |e 600 výt. 
500 |a Čiast. text angl. 
500 |a Životopisné dáta a prehľad výstav 
500 |a Názov z obalu 
600 1 7 |a Hausová, Anna,  |d 1956-  |2 SNKMA  |9 111306 
648 7 |a 20.-21. stor.  |2 SNKPH  |9 270701 
648 7 |a 20th-21st centuries  |2 SNKPHeng  |9 285312 
650 0 7 |a slovenské výtvarné umenie  |2 SNKPH  |9 68597 
650 0 7 |a moderné umenie  |2 SNKPH  |9 68456 
650 0 7 |a Slovak art  |2 SNKPHeng  |9 275442 
650 0 7 |a Modern art  |2 SNKPHeng  |9 294689 
651 7 |a Slovensko  |2 SNKPH  |9 14231 
651 7 |a Slovakia  |2 SNKPHeng  |9 92630 
655 7 |a katalógy výstav  |2 SNKPH  |9 70445 
655 7 |a Exhibition catalogs  |2 SNKPHeng  |9 266232 
700 1 |a Hrebíčková, Marta,  |d 1952-  |4 aut  |4 com  |4 cur  |9 251945 
852 |a Štátna vedecká knižnica v Banskej Bystrici 
919 |a 978-80-969489-1-8 
999 |c 669352  |d 671282 
952 |a SNK  |b SNK  |y PREZ  |7 0  |p 17A1133682  |o snkOSC 27019  |i snk2014/28106  |8 0  |0 0  |1 0  |4 0  |d 2014-12-16  |l 0  |r 2026-02-23 19:22:01  |w 2026-02-23 
952 |a SNK  |b SNK  |y VYP  |7 0  |p 17A1133681  |o snkOSC 27019 D1  |i snk2014/28107  |8 0  |0 0  |1 0  |4 0  |d 2014-12-16  |l 0  |r 2026-02-23 19:22:01  |w 2026-02-23